Diagnóstico de la incidencia de accidentes de tránsito en el area central de San José
Guardado en:
| Autor principal: | |
|---|---|
| Formato: | Libro |
| Publicado: |
[San José , Costa Rica]
1984
|
| Materias: | |
| Etiquetas: |
Agregar Etiqueta
Sin Etiquetas, Sea el primero en etiquetar este registro!
|
MARC
| LEADER | 00000nam a2200000Ia 4500 | ||
|---|---|---|---|
| 003 | 002558 | ||
| 005 | 20221231144408.0 | ||
| 008 | 140114s1984 cr a m 000 ||s d | ||
| 040 | |c cru CEDI | ||
| 090 | |a TFG 1586 | ||
| 100 | |a Matamoros Hidalgo, Guillermo |9 14797 | ||
| 245 | |a Diagnóstico de la incidencia de accidentes de tránsito en el area central de San José | ||
| 260 | |c 1984 |a [San José , Costa Rica] | ||
| 300 | |a 218 hojas (algunas plegables) : ilustraciones ; 28 cm | ||
| 500 | |a Proyecto de graduación (ingeniería civil)-- Universidad de Costa Rica. Facultad de Ingeniería. Escuela de Ingeniería Civil | ||
| 650 | |x ACCIDENTES DE TRANSITO - ESTADISTICAS |x ACCIDENTES DE TRANSITO - AREA METROPOLITANA DE SAN JOSE (COSTA RICA) |9 14798 | ||
| 942 | |c TFG | ||
| 999 | |c 21244 |d 21244 | ||
